Sobre TLC CA-USA /

Bewaard in:
Bibliografische gegevens
Hoofdauteur: Cambronero Méndez, Lorenzo
Formaat: Texto
Tags: Voeg label toe
Geen labels, Wees de eerste die dit record labelt!

MARC

LEADER 00000 a a2200000 04500
001 8231
003
040
100 |a Cambronero Méndez, Lorenzo  
245 |a Sobre TLC CA-USA /  |c Lorenzo Cambronero Méndez  
773 |g volumen 6, número 4; páginas 34-35  
999 |c 27214  |d 27214